|
|
|
|
| LEADER |
00000cam a2200000 7i4500 |
| 001 |
0000093793 |
| 005 |
20240206175205.0 |
| 008 |
|
| 020 |
|
|
|a 9789834934774 (
|q paperback)
|
| 040 |
|
|
|e rda
|
| 041 |
|
|
|a Malay
|
| 090 |
0 |
0 |
|a 899.2313
|b ROS
|
| 100 |
0 |
|
|a Roslan Madun ,
|e (author)
|
| 245 |
1 |
0 |
|a Kumpulan puisi :
|b jangan dibaca sajak ini,aksaranya panas berapi
|c Roslan Madun
|
| 264 |
|
1 |
|a Kuala Lumpur :
|b Dewan Bahasa dan Pustaka
|c 2023
|
| 300 |
|
|
|a 86 pages ;
|c 22 cm.
|
| 336 |
|
|
|a text
|2 rdacontent
|
| 337 |
|
|
|a unmediated
|2 rdamedia
|
| 338 |
|
|
|a volume
|2 rdacarrier
|
| 541 |
|
|
|c Donation book
|f Inisiatif Belanjawan 2023
|
| 650 |
|
0 |
|a Government publications
|z Malaysia
|
| 650 |
|
0 |
|a Malay poetry
|
| 650 |
|
0 |
|a Puisi
|
| 730 |
0 |
|
|a Title
|
| 999 |
|
|
|a 0001753862
|b Book
|c Adult Collection
|e Perbadanan Perpustakaan Awam Johor
|
| 999 |
|
|
|a 0001753863
|b Book
|c Adult Collection
|e Cawangan Urban Transformation Centre
|
| 999 |
|
|
|a 0001753864
|b Book
|c Adult Collection
|e Cawangan AEON Kulaijaya
|
| 999 |
|
|
|a 0001753865
|b Book
|c Adult Collection
|e Cawangan Pontian
|
| 999 |
|
|
|a 0001753866
|b Book
|c Adult Collection
|e Cawangan Bandar Penawar
|
| 999 |
|
|
|a 0001753867
|b Book
|c Adult Collection
|e Cawangan Batu Pahat
|
| 999 |
|
|
|a 0001753868
|b Book
|c Adult Collection
|e Cawangan Mersing
|
| 999 |
|
|
|a 0001753869
|b Book
|c Adult Collection
|e Cawangan Bandar Tenggara
|
| 999 |
|
|
|a 0001753870
|b Book
|c Adult Collection
|e Cawangan Segamat
|
| 999 |
|
|
|a 0001753871
|b Book
|c Adult Collection
|e Cawangan Taman Sri Lambak
|
| 999 |
|
|
|a 0001753872
|b Book
|c Adult Collection
|e Cawangan Tangkak
|
| 999 |
|
|
|a 0001753873
|b Book
|c Adult Collection
|e Cawangan Muar
|
| 999 |
|
|
|a 0001753874
|b Book
|c Adult Collection
|e Cawangan Bukit Gambir
|
| 999 |
|
|
|a 0001753875
|b Book
|c Adult Collection
|e Perbadanan Perpustakaan Awam Johor
|
| 999 |
|
|
|a 0001753876
|b Book
|c Adult Collection
|e Cawangan Kota Tinggi
|
| 999 |
|
|
|a 0001753877
|b Book
|c Adult Collection
|e Cawangan Tmn. Ungku Tun Aminah
|
| 999 |
|
|
|a 0001753878
|b Book
|c Adult Collection
|e Cawangan Tmn. Ungku Tun Aminah
|
| 999 |
|
|
|a 0001753879
|b Book
|c Adult Collection
|e Cawangan Muar
|
| 999 |
|
|
|a 0001753880
|b Book
|c Adult Collection
|e Cawangan Taman Sri Lambak
|